Brewing Microbiology

Salvato in:
Dettagli Bibliografici
Autori principali: Priest, Fergus G (Autore), Campbell, Iain (Autore)
Natura: Libro
Lingua:inglese
Pubblicazione: New York : Kluwer Academic / Plenum Publishers, 2003
Edizione:3rd edition
Tags: Aggiungi Tag
Nessun Tag, puoi essere il primo ad aggiungerne!!

MARC

LEADER 00000nam a22000003a 4500
001 stu83046
005 20150617225634.7
008 040109s2003----xxu-----------------eng-d
020 |a 0-306-47288-0 
040 |a STU  |b slo 
041 0 |a eng 
044 |a xxu 
080 |a 576.8  |7 stu_us_auth*stu5767 
100 1 |a Priest, Fergus G  |4 aut 
245 1 |a Brewing Microbiology 
250 |a 3rd edition 
260 |a New York :  |b Kluwer Academic / Plenum Publishers,  |c 2003 
300 |a 399 s. Obr.,tab.,grafy,lit.,index 
700 1 |a Campbell, Iain  |4 aut 
996 |b C97265  |c C*97265  |l CCXV  |s P  |a 0  |w stu83046_0001